Syria : problems of preservation and presentation of sites and monuments; report of the UNESCO mission of 1953 /
محفوظ في:
المؤلف الرئيسي:
مؤلفون آخرون:
التنسيق: كتاب
اللغة: English
منشور في:
[Paris],
1954.
سلاسل:
Museums and monuments ; 7.
الموضوعات:
الوسوم: إضافة وسم
لا توجد وسوم, كن أول من يضع وسما على هذه التسجيلة!
رقم الطلب: ( F )DS94.5 .U514 1954
| LEADER | 00780nam a2200229Ia 4500 | ||
|---|---|---|---|
| 003 | OSt | ||
| 005 | 20241111140148.0 | ||
| 008 | 231106s1954 fr ab 000 0 eng | ||
| 999 | |c 54980 |d 54980 | ||
| 040 | |c ARCE Library | ||
| 050 | 4 | |a ( F )DS94.5 .U514 1954 | |
| 100 | 1 | |a Unesco | |
| 245 | 1 | 0 | |a Syria : |b problems of preservation and presentation of sites and monuments; report of the UNESCO mission of 1953 / |c by Paul Collart, head of the mission, Selim Abdul-Hak and Armando Dillon. |
| 264 | 1 | |a [Paris], |c 1954. | |
| 300 | |a 35, [17] p. : |b illus., maps ; |c 32 cm. | ||
| 490 | 0 | |a Museums and monuments ; 7. | |
| 651 | 0 | |a Syria -- Aleppo. | |
| 651 | 0 | |a Syria -- Antiquities. | |
| 651 | 0 | |a Syria -- Damascus. | |
| 700 | 1 | |a Collart, Paul, |d 1902-1981. | |
| 901 | |a reviewed | ||
| 942 | |2 lcc |c BK | ||
